00853nam a22002177a 4500003000200000005001700002008004100019050002900060100002400089245006300113260009000176300003600266504004100302650002400343650002300367650002800390650002300418942001400441999001900455952016100474020250129100757.0150827b xxu||||| |||| 00| 0 eng d aPGS ML 3830b.Az992 2015 aAzarcon, Aliyah D.  aMusic preference and sleeping habits /cAliyah D. Azarcon. aLas Piñas City, Philippines :bSouthville International School and Colleges,c2015. a31 p. :bill. ;c28 cm. fPASS  aIncludes bibliographical references. aMusic and children. aSleep in children. aChildren's preferences. aMusic preferences. 2lcccPASS c288525d288525 00102lcc4071aLUXbLUXcPASSd2015-08-27eDONATIONl0oPGS ML 3830 .Az992 2015pP3393r2015-08-27 00:00:00w2015-08-27yPASSzBe Amazing, Be Southville!